Catálogo
 En Linea

Metafísica 4 en 1 / (Registro nro. 40916)

Detalles MARC
000 -CABECERA
campo de control de longitud fija 00585nam a2200193 a 4500
001 - NÚMERO DE CONTROL
campo de control 000041426
005 - FECHA Y HORA DE LA ÚLTIMA TRANSACCIÓN
campo de control 20240523181032.0
008 - DATOS DE LONGITUD FIJA--INFORMACIÓN GENERAL
campo de control de longitud fija 131003s1997 ve 000 0 spa d
020 ## - NÚMERO INTERNACIONAL ESTÁNDAR DEL LIBRO
Número Internacional Estándar del Libro 9789806114715
040 ## - FUENTE DE LA CATALOGACIÓN
Centro catalogador/agencia de origen DO-SdBNP
Lengua de catalogación spa
Centro/agencia transcriptor BNPHU
082 ## - NÚMERO DE LA CLASIFICACIÓN DECIMAL DEWEY
Número de clasificación xxxx
Número de documento/Ítem xxxx
100 1# - ENTRADA PRINCIPAL--NOMBRE DE PERSONA
Nombre de persona Méndez, Conny,
Fechas asociadas al nombre 1898-1979
9 (RLIN) 68096
245 10 - MENCIÓN DE TÍTULO
Título Metafísica 4 en 1 /
Mención de responsabilidad, etc. Conny Méndez.
260 ## - PUBLICACIÓN, DISTRIBUCIÓN, ETC.
Lugar de publicación, distribución, etc. Caracas, Venezuela :
Nombre del editor, distribuidor, etc. Bienes lacómica,
Fecha de publicación, distribución, etc. 1997.
300 ## - DESCRIPCIÓN FÍSICA
Extensión v. ;
Dimensiones 22 cm.
490 1# - MENCIÓN DE SERIE
Mención de serie Metafísica
500 ## - NOTA GENERAL
Nota general Incluye datos biográficos del autor en la contracubierta
830 ## - PUNTO DE ACCESO ADICIONAL DE SERIE-TÍTULO UNIFORME
Título uniforme Metafísica
9 (RLIN) 35656
Existencias
Estado de retiro Estado de pérdida Restricciones de uso No para préstamo Código de colección Localización permanente Ubicación/localización actual Ubicación en estantería Fecha de adquisición Número de inventario Total de préstamos Signatura topográfica completa Código de barras Fecha visto por última vez Precio válido a partir de Tipo de ítem Koha
      Excluido de préstamo Monografías: Libros y Folletos General General Depósito 03.10.2013 LF1   xxxx xxxx 41426-10 25.06.2020 25.06.2020 No se presta

Con tecnología Koha